Climate of the free atmosphere / (Record no. 30238)
[ view plain ]
| 000 -LEADER | |
|---|---|
| fixed length control field | 00852nam a2200277 4500 |
| 001 - CONTROL NUMBER | |
| control field | 30238 |
| 003 - CONTROL NUMBER IDENTIFIER | |
| rucl marc code | BD-RjUL |
| 005 - DATE AND TIME OF LATEST TRANSACTION | |
| control field | 20211209051532.0 |
| 008 - FIXED-LENGTH DATA ELEMENTS--GENERAL INFORMATION | |
| fixed length control field | 140409s1969 ne ab b 001 0 eng |
| 020 ## - INTERNATIONAL STANDARD BOOK NUMBER | |
| International Standard Book Number | 0444407030 |
| 035 ## - SYSTEM CONTROL NUMBER | |
| System control number | (BD-RjUL)30323 |
| 040 ## - CATALOGING SOURCE | |
| Original cataloging agency | DLC |
| Transcribing agency | DLC |
| Modifying agency | DLC |
| -- | BD-RjUL |
| Language of cataloging | eng |
| 041 ## - LANGUAGE CODE | |
| Language code of text/sound track or separate title | eng |
| 082 00 - DEWEY DECIMAL CLASSIFICATION NUMBER | |
| Classification number | 551.608 |
| Author mark and year | CLI V-4 1969 |
| 245 00 - TITLE STATEMENT | |
| Title | Climate of the free atmosphere / |
| Statement of responsibility, etc. | edited by D. F. Rex. |
| 260 ## - PUBLICATION, DISTRIBUTION, ETC. (IMPRINT) | |
| Place of publication, distribution, etc. | Amsterdam ; |
| -- | New York : |
| Name of publisher, distributor, etc. | Elsevier Pub. Co., |
| Date of publication, distribution, etc. | 1969. |
| 300 ## - PHYSICAL DESCRIPTION | |
| Pagination | x, 450 p. : |
| Illustrations | i. ; |
| Size | 30 cm. |
| 504 ## - BIBLIOGRAPHY, ETC. NOTE | |
| Bibliography, etc | Includes bibliographical references. |
| 650 #0 - SUBJECT ADDED ENTRY--TOPICAL TERM | |
| Topical term or geographic name as entry element | Climatology. |
| 9 (RLIN) | 91933 |
| Topical term or geographic name as entry element | Atmosphere, Upper. |
| 9 (RLIN) | 91934 |
| 700 1# - ADDED ENTRY--PERSONAL NAME | |
| Personal name | Rex, D. F. |
| Fuller form of name | (Daniel Ferrell), |
| Dates associated with a name | 1916- |
| 942 ## - ADDED ENTRY ELEMENTS (KOHA) | |
| Source of classification or shelving scheme | Dewey Decimal Classification |
| Koha item type | Books |
| Lost status | Source of classification or shelving scheme | Damaged status | Not for loan | Collection code | Permanent Location | Current Location | Shelving location | Date acquired | Source of acquisition | Cost, normal purchase price | Total Checkouts | Full call number | Date last seen | Copy number | Koha item type |
|---|---|---|---|---|---|---|---|---|---|---|---|---|---|---|---|
| Dewey Decimal Classification | Non-fiction | Central Library, University of Rajshahi | Central Library, University of Rajshahi | 07/02/1990 | Abacus, London. | 2658.00 | 551.608 CLI V-4 1969 | 09/04/2014 | C-2 | Books |